000 00434nam a2200145 4500
001 127084
003 ES-MaACL
005 20230906192935.0
007 t|
008 070214s1980 sp r ||||1| spa d
100 1 _aRicapito, Joseph V.
_996848
245 1 0 _aBibliografía razonada y anotada de las obras maestras de la picaresca española /
_cJoseph V. Ricapito.
260 _a13 p.,
_c19 cm.
852 _aES-MaACL
_jL-2345
_bR.100677
999 _c127084
_d127084